000 00892cam a22002535a 4500
001 E148964
008 091207s2009 xxko f 000 0 eng d
020 _a9781848061187
035 _a(Sirsi) u148964
041 0 _aeng
050 0 4 _a690 $2 18
100 1 _aRabinowitz, Robert
245 0 0 _aCarbon reduction commitment
260 _aWatford
_bBRE
_c2009
300 _a12p.
_bill.
_c30cm.
490 0 _aBRE Information Paper
_v(7/09)
520 _aDiscusses the Government's Carbon Reduction Commitment initiative, which is a mandatory carbon trading scheme for large companies. Looks at how the scheme will owrk and offers advice on preparing for its introduction.
521 _aAdvanced
590 _aKA
650 2 4 _aCARBON REDUCTION COMMITMENT
651 4 _aUnited Kingdom
_y
690 _aENVIRONMENTAL AND LAND CONSULTANCY-ENERGY-ENERGY USE-ENERGY EFFICIENCY
942 _n0
999 _c110308
_d110308